| 000 | 00505nam a2200181Ia 4500 | ||
|---|---|---|---|
| 008 | 100920s9999 xx 000 0 und d | ||
| 082 |
_b4074 _a3 थ 55 |
||
| 100 | _a--- | ||
| 245 | _aREADERS DIGEST CONDENSED.VOL. 4. | ||
| 260 |
_bTHE READERS DIGEST ASSOCIATION. _c1955 |
||
| 300 |
_a502 _bसाधी |
||
| 365 | _b0 | ||
| 520 | _aई.एल.सी. | ||
| 630 | _aREADERS DIGEST CONDENSED.VOL. 4. | ||
| 650 | _aई.एल.सी. | ||
| 730 | _aREADERS DIGEST CONDENSED.VOL. 4. | ||
| 942 | _cBOOK | ||
| 999 |
_c673847 _d673844 |
||